Deutschland; revista /
Guardado en:
| Autor Principal: | |
|---|---|
| Formato: | Libro |
| Publicado: |
Alemania :
Societats-verlag,
19931
|
| Etiquetas: |
Agregar Etiqueta
Sin Etiquetas, Sea el primero en etiquetar este registro!
|
| LEADER | 02223nam a22004335a 4500 | ||
|---|---|---|---|
| 001 | CEM.cems007469 | ||
| 005 | 20060214000000.0 | ||
| 008 | 130507b######################000#0#####d | ||
| 003 | CEMS | ||
| 082 | 0 | 4 | |a 050 |
| 100 | 1 | |a Deutschland | |
| 245 | 1 | 0 | |a Deutschland; revista / |
| 260 | |a Alemania : |b Societats-verlag, |c 19931 | ||
| 859 | |a CEMS |b BIB. CEMS - 11 de abril |h 050 |i D489-1 |p 1022.55 |t Ej.10 | ||
| 859 | |a CEMS |b BIB. CEMS - 11 de abril |h 050 |i D489-1 |p 1028.55 |t Ej.11 | ||
| 859 | |a CEMS |b BIB. CEMS - 11 de abril |h 050 |i D489-1 |p 1158.55 |t Ej.12 | ||
| 859 | |a CEMS |b BIB. CEMS - 11 de abril |h 050 |i D489-1 |p 1173.55 |t Ej.13 | ||
| 859 | |a CEMS |b BIB. CEMS - 11 de abril |h 050 |i D489-1 |p 1191.55 |t Ej.14 | ||
| 859 | |a CEMS |b BIB. CEMS - 11 de abril |h 050 |i D489-1 |p 1246.55 |t Ej.15 | ||
| 859 | |a CEMS |b BIB. CEMS - 11 de abril |h 050 |i D489-1 |p 1334.55 |t Ej.22 | ||
| 859 | |a CEMS |b BIB. CEMS - 11 de abril |h 050 |i D489-1 |p 1368.55 |t Ej.16 | ||
| 859 | |a CEMS |b BIB. CEMS - 11 de abril |h 050 |i D489-1 |p 1406.55 |t Ej.17 | ||
| 859 | |a CEMS |b BIB. CEMS - 11 de abril |h 050 |i D489-1 |p 1419.55 |t Ej.19 | ||
| 859 | |a CEMS |b BIB. CEMS - 11 de abril |h 050 |i D489-1 |p 1434.55 |t Ej.18 | ||
| 859 | |a CEMS |b BIB. CEMS - 11 de abril |h 050 |i D489-1 |p 1465.55 |t Ej.20 | ||
| 859 | |a CEMS |b BIB. CEMS - 11 de abril |h 050 |i D489-1 |p 1522.55 |t Ej.21 | ||
| 859 | |a CEMS |b BIB. CEMS - 11 de abril |h 050 |i D489-1 |p 1539.55 |t Ej.23 | ||
| 859 | |a CEMS |b BIB. CEMS - 11 de abril |h 050 |i D489-1 |p 1565.55 |t Ej.24 | ||
| 859 | |a CEMS |b BIB. CEMS - 11 de abril |h 050 |i D489-1 |p 1610.55 |t Ej.25 | ||
| 859 | |a CEMS |b BIB. CEMS - 11 de abril |h 050 |i D489-1 |p 435.55 |t Ej.1 | ||
| 859 | |a CEMS |b BIB. CEMS - 11 de abril |h 050 |i D489-1 |p 441.55 |t Ej.2 | ||
| 859 | |a CEMS |b BIB. CEMS - 11 de abril |h 050 |i D489-1 |p 445.55 |t Ej.3 | ||
| 859 | |a CEMS |b BIB. CEMS - 11 de abril |h 050 |i D489-1 |p 493.55 |t Ej.4 | ||
| 859 | |a CEMS |b BIB. CEMS - 11 de abril |h 050 |i D489-1 |p 503.55 |t Ej.5 | ||
| 859 | |a CEMS |b BIB. CEMS - 11 de abril |h 050 |i D489-1 |p 568.55 |t Ej.6 | ||
| 859 | |a CEMS |b BIB. CEMS - 11 de abril |h 050 |i D489-1 |p 813.55 |t Ej.26 | ||
| 859 | |a CEMS |b BIB. CEMS - 11 de abril |h 050 |i D489-1 |p 870.55 |t Ej.7 | ||
| 859 | |a CEMS |b BIB. CEMS - 11 de abril |h 050 |i D489-1 |p 904.55 |t Ej.8 | ||
| 859 | |a CEMS |b BIB. CEMS - 11 de abril |h 050 |i D489-1 |p 909.55 |t Ej.9 | ||
